| 000 | 00540nam a22001817a 4500 | ||
|---|---|---|---|
| 005 | 20251108165911.0 | ||
| 008 | 250721s1987 xx 000 0 ara d | ||
| 082 | 1 | 4 | _aم/ط/540/طبي |
| 245 | 1 | 0 | _aالطبيعة و الكيمياء / |
| 264 | 1 |
_aجنيف : _bشركة ترادكسيم، _c1987. |
|
| 300 | _a160ص : مص | ||
| 490 | 0 | _aكتاب المعرفة : تكنولوجيا | |
| 650 | 1 | 7 | _aالكيمياء |
| 650 | 1 | 7 | _aالطبيعة |
| 653 | _aناشئون كبار (15-18)سنة | ||
| 942 |
_2ddc _cREF |
||
| 999 |
_c34319 _d34319 |
||